El lector americano: curso gradual de lecturas
Zapisane w:
| 1. autor: | |
|---|---|
| Format: | Książka |
| Język: | hiszpański |
| Wydane: |
Santiago
Universo
1923
|
| Wydanie: | 2a. ed |
| Hasła przedmiotowe: | |
| Etykiety: |
Dodaj etykietę
Nie ma etykietki, Dołącz pierwszą etykiete!
|
MARC
| LEADER | 00000nam a2200000 a 4500 | ||
|---|---|---|---|
| 001 | UCZ8623 | ||
| 003 | CL-VaPUC | ||
| 008 | 960121e19230000CL |||||||||||||||||spa|d | ||
| 082 | 0 | 4 | |a 372.4 |b NUÑ |2 21 |
| 100 | |a Núñez, José Abelardo |q (Núñez Murúa, José Abelardo) |e autor |9 557450 | ||
| 245 | 1 | 3 | |a El lector americano: curso gradual de lecturas |
| 250 | |a 2a. ed | ||
| 300 | |a v | ||
| 942 | |c BK | ||
| 945 | |d 19960121 00:00:00 |a lriquelm | ||
| 260 | |a Santiago |b Universo |c 1923 | ||
| 650 | 0 | |a Lectura |9 307634 | |
| 650 | 0 | |a Enseñanza de la lectura |9 308364 | |
| 650 | 0 | |a Aprendizaje |9 254827 | |
| 650 | 0 | |a Lingüística |9 265068 | |
| 650 | 0 | |a Educación lingüística |9 306506 | |
| 583 | |a last modification |c 19960121 00:00:00 |k Rodrigo Vera | ||
| 999 | |c 244481 |d 244479 | ||
| 952 | |0 0 |1 0 |4 0 |6 372_400000000000000_NUÑ_1923 |7 0 |8 P |9 258551 |a BIBEDU |b BIBEDU |c BIBEDU_PB |d 2019-11-19 |h v.3 |i 1619373 |o 372.4 NUÑ 1923 |p 1619373 |r 2024-01-25 |w 2019-11-19 |y BK |k EDU | ||